000 00999nam a2200289 i 4500
001 bg
100 1 _aJenkins, David
_d(1935- ).
245 1 0 _aManual on the causes and control of activated sludge bulking, foaming, and other solids separation problems /
_cDavid Jenkins, Michael G, Richard, Glen T. Daigger.
250 _a3rd ed.
260 _aLondon :
_bIWA ;
_bCRC Press,
_ccop. 2004.
300 _a[22], 190 s. :
_bil. (w tym kolor.) ;
_c28 cm.
504 _aBibliogr. s. 163-177. Indeks
650 9 _aWoda
_xtechnologia
650 9 _aOsady ściekowe
650 9 _aŚcieki
700 1 _aRichard Michael G.
700 1 _aDaigger, Glen T.
020 _a1843390469
040 _cBPK
041 _apol
044 _aGBR
080 _a628.3
920 _a1-84339-046-9
942 _cKS
008 090526s2004 enka f |000 0 eng
999 _c56548
_d56548
856 _uhttp://koha.tu.koszalin.pl/cgi-bin/koha/opac-detail.pl?biblionumber=56548
_yKatalog online BPK